000 00627nam a2200229Ia 4500
003 OSt
005 20221006165109.0
006 a|||||r|||| 00| 0
007 ta
008 221006b |||||||| |||| 00| 0 eng d
024 _a3,235
037 _cTextual
040 _aFML
_cFML
_beng
041 _2eng
_aeng
082 _aY:1.4498, K0
100 _aTresidder Argus John Au.
_9679084
245 0 _aCeylon
_b An Introduction to .....
260 _aNew Jersey
_bVan Nostrand
_c1960
300 _a238
_ccm.
942 _hY:1.4498, K0
_cTEXL
_2CC
999 _c1119576
_d1119576